00367 a2200145 4500003000400000005001700004008004100021020001800062040000900080082001800089100001500107245006100122260002900183300000900212OSt20231204161825.0231204b |||||||| |||| 00| 0 eng d a9788125035480 coclc a954.14bSRI/T0 aSrimanjari aThrough war and famine :b Bengal, 1939-45 /cSrimanjari bOrient Blackswan,c2009. a274p